000 00649cab a2200205 4500
001 WB2409-06
008 090401t1988 xxu||||| |||| 00| 0 eng d
035 _a(Sirsi) u48554
041 _aeng
245 _aNew powers for party walls
260 _c1988
350 _a0
490 _aBuilding Today
_vvol 195 no 5739 21/2/88 p10
520 _aLocal authorities are seeking new legal powers to deal with situations which arise when party walls are exposed to the elements during demolition of buildings.
650 _aBUILDING CONTROL
_96222
650 _aWEATHERPROOFING
690 _aBUILT ENVIRONMENT
942 _n0
948 _c04/03/1997
999 _c30500
_d30500